000
00307nam a2200133Ia 4500
008
150301s2015 xx 000 0 und d
082
_a
611
_b
A14T
100
_a
TORTORA, G.J
245
_a
ANATOMY & PHYSIOLOGY WORKBOOK
260
_b
WILIY-IND
300
_a
226
650
_a
PHARMACEUTICS
942
_2
ddc
_c
BK
999
_c
7322
_d
7322